| 000 | 00582cam a2200193 4500 | ||
|---|---|---|---|
| 001 | WB3611-02 | ||
| 008 | 000000n2000 000 0 eng u | ||
| 035 | _a(Sirsi) u104839 | ||
| 245 | _aWayleave payment rates | ||
| 260 | _c2000 | ||
| 490 |
_aEstates and Wayleaves Committee Press Release _v 10 March 2000 (4) |
||
| 520 | _aPresents the new wayleave payment rates, due to apply from April 2000. | ||
| 590 | _aWB | ||
| 650 | _aWAYLEAVE PAYMENTS | ||
| 650 | _aWAYLEAVE RATES | ||
| 650 | _aESTATES AND WAYLEAVES COMMISSION | ||
| 690 |
_aBoundary disputes _96221 |
||
| 942 | _n0 | ||
| 999 |
_c62892 _d62892 |
||